000 00762 a2200229 4500
003 CBULib
005 20240829141916.0
008 240829b |||||||| |||| 00| 0 eng d
040 _aCBULib
_bEnglish
_cCBULib
_erda
041 _aeng
050 _aGOV.ZAM(02)2022/1
110 _aZambia Statistics Agency
245 _aZambia 2022 census of population and housing: population summary report : volume two
_c/ by Zambia Statistics Agency
260 _bZambia Statistics Agency,
_c2022
_aLusaka :
300 _av, 129 pages : illustrations
336 _2rdacontent
_aText |
_btxt
337 _2rdamedia
_aUnmediated |
_bn
338 _2rdacarrier
_aVolume
_bnc
650 _aCENSUS OF POPULATION--ZAMBIA
650 _aPOPULATION--ZAMBIA
942 _2mc
_c021
999 _c85298
_d85298